000
003220000a22001450004500
003
MACL
040
_a
MACL
090
_c
32481
_d
32479
100
_a
Kautilya
245
_a
The Constitution History of India
260
_b
C. jamnadas & Co
_c
1999
350
_a
32
650
_a
Administration
942
_c
BOOK
_k
342.029/ Jam
999
_c
32151
_d
32151